| 000 | 00609nam a2200205 i 4500 | ||
|---|---|---|---|
| 001 | 39991 | ||
| 003 | ES-MaACL | ||
| 005 | 20230906160122.0 | ||
| 007 | t| | ||
| 008 | 030304s1945 it ||||1| ita d | ||
| 100 | 1 |
_aCarrá, Carlo. _935474 |
|
| 245 | 1 | 0 |
_aPittura metafísica / _cCarlo Carrá. |
| 250 | _a2ª ed. | ||
| 260 |
_aMilano : _bIl Balcone, _c[1945] ( _fDalle Nogare et Armetti) |
||
| 300 |
_a264 p. ; _c24 cm. |
||
| 490 | 1 |
_aTesti e documenti d'Arte Moderna ; _v1 |
|
| 830 | 0 |
_aTesti e documenti d'Arte Moderna ; _v1 _9181835 |
|
| 852 |
_aES-MaACL _jD-7218 _bR.29476 |
||
| 999 |
_c39991 _d39991 |
||